| 000 | 00440cam a2200169ua 4500 | ||
|---|---|---|---|
| 020 | _c50.00 | ||
| 041 |
_aeng _h |
||
| 082 |
_a639.2 _bSHA/MA |
||
| 100 | _aShanbogue, S.L . | ||
| 245 |
_aMarine fisheries of India / _cS.L Shanbogue. _hTextual Documents |
||
| 260 |
_aNew Delhi : _bIndian Council for Agricultural Research , _c2000. |
||
| 300 | _a103 ; . | ||
| 365 | _a50.00 | ||
| 504 | _a | ||
| 942 | _cBK | ||
| 999 |
_c12059 _d12059 |
||